Die 50 erfolgreichsten Filmreihen - Statistiken

Allgemein
  • Dieses Quiz wurde 127 mal gespielt
  • Das Durchschnittsergebnis liegt bei 16 aus 50
Antwortstatistiken
Rang Reihe Einspielergebnis in $ Filmanzahl % Korrekt
3 J.K. Rowlings magische Welt(Fantastische Tierwesen und Harry Potter) 9,7 Milliarden 11
89%
10 Peter Jacksons Mittelerde-Hexalogie(Der Herr der Ringe & Der Hobbit) 5,9 Milliarden 6
85%
2 Star Wars 10,4 Milliarden 12
85%
7 Avatar 6,6 Milliarden 3
72%
1 Marvel Cinematic Universe 32,5 Milliarden 37
72%
8 James Bond 6,5 Milliarden 26
71%
5 DC Extended Universe 7,2 Milliarden 15
60%
4 Fast & Furious 7, 3 Milliarden 11
56%
27 Star Trek 2,2 Milliarden 13
51%
6 Jurassic Park 6,9 Milliarden 7
50%
22 Sam Raimis Spider-Man-Trilogie 2,5 Milliarden 3
47%
28 Sony's Spider-Man Universe 2,1 Milliarden 5
47%
14 Pirates of the Caribbean 4,5 Milliarden 5
43%
24 Indiana Jones 2,3 Milliarden 5
42%
18 Toy Story 3,25 Milliarden 5
40%
13 Mission: Impossible 4,7 Milliarden 8
39%
17 Die Tribute von Panem 3,3 Milliarden 5
37%
34 Alien 1,8 Milliarden 9
35%
37 Cars-Universum 1,7 Milliarden 5
33%
29 Terminator 2,1 Milliarden 6
33%
12 Transformers 5,4 Milliarden 8
33%
36 Matrix 1,7 Milliarden 5
32%
15 Shrek 4 Milliarden 6
31%
19 Ice Age 3,2 Milliarden 5
28%
11 Ich - Einfach unverbesserlich 5,6 Milliarden 6
28%
43 Stirb langsam 1,4 Milliarden 5
26%
9 X-Men 6,1 Milliarden 13
26%
23 The-Dark-Knight-Trilogie 2,4 Milliarden 3
25%
32 Rocky 1,9 Milliarden 9
23%
16 Twilight 3,6 Milliarden 5
21%
33 Men in Black 1,9 Milliarden 4
20%
21 MonsterVerse(Godzilla & King Kong) 2,5 Milliarden 5
18%
20 Conjuring-Universum 2,9 Milliarden 10
16%
45 Hangover 1,4 Milliarden 3
16%
31 Planet der Affen(Reboot-Reihe) 2 Milliarden 4
16%
26 Madagascar 2,2 Milliarden 4
15%
39 Bourne 1,6 Milliarden 5
14%
40 Die Chroniken von Narnia 1,5 Milliarden 3
14%
44 Ocean's 1,4 Milliarden 4
14%
30 Jumanji 2 Milliarden 4
13%
38 Drachenzähmen leicht gemacht 1,6 Milliarden 3
10%
25 Kung Fu Panda 2,3 Milliarden 4
9%
42 Die Mumie 1,4 Milliarden 4
8%
50 Fifty Shades of Grey 1,3 Milliarden 3
7%
49 Nachts im Museum 1,3 Milliarden 3
7%
41 Robert-Langdon-Trilogie 1,4 Milliarden 3
7%
48 Detektiv Conan 1,3 Milliarden 33
4%
46 Alvin und die Chipmunks 1,3 Milliarden 4
3%
47 Hotel Transsilvanien 1,3 Milliarden 4 (3 im Kino)
3%
35 Detective Chinatown 1,8 Milliarden 4
2%
Keine übereinstimmenden Quizze gefunden
Verteilung der Resultate
Anzahl Personen mit jedem Resultat
Perzentil nach korrekt beantworteten Fragen
Ihre Resultats-Entwicklung
Sie haben dieses Quiz noch nicht gespielt